LEADER 01298nam a2200277 4500 001 000000350541 003 CaOOAMICUS 005 20220830142201.0 008 220620s2022 sz 000 u eng r 020 $a978-3-030-92083-8 040 $aSeMil$bita 100 1 $aMagnani, Marco,$d<1969- >.$0(OLS)http://semarc/name/111172 245 10$aMaking the global economy work for everyone :$blessons of sustainability from the tech revolution and the pandemic /$cMarco Magnani. 264 1$aCham, Switzerland :$bPalgrave macmillan,$c2022. 300 $aXXVII, 202 p. ;$c24 cm 541 0 $aOmaggio mons. Mario Delpini (3M IV 299) 650 4$aSostenibilità.$0(OLS)http://semarc/subject/52507 650 4$aEconomia globale.$0(OLS)http://semarc/subject/52506 850 $aSeMil 852 $aSeMil$W1$xVenegono$y1$m3M IV 299$j234197$B241561$CSeMilBibl$Z2$F241561 $81 941 1 $a7 961 $aOmaggio mons. Mario Delpini 996 $6020$a978-3-030-92083-8$9(OLS)http://semarc/number/296055 996 $6245$aMaking the global economy work for everyone :$blessons of sustainability from the tech revolution and the pandemic$9(OLS)http://semarc/title/440328 996 $6264$aCham, Switzerland :$bPalgrave macmillan$9(OLS)http://semarc/publisher/60439 LEADER 02334nam a2200361 i 4500 001 000000213865 003 CaOOAMICUS 005 20250507074243.0 008 120611s2012 be u000 u fre u 020 $a978-90-429-2636-3 040 $aSeMil$bita 111 2 $aColloque international du Réseau de recherche en narratologie biblique <5. ; 2010 ; Genève et Lausanne>.$0(OLS)http://semarc/name/76157 245 10$aEcritures et réécritures :$bla reprise interprétative des traditions fondatrices par la littérature biblique et extra-biblique : Cinquième colloque international du RRENAB, Université de Genève et Lausanne, 10-12 juin 2010 /$cédité par Claire Clivaz, Corina Combet-Galland, Jean-Daniel Macchi, Christophe Nihan. 260 $aLeuven [etc] :$bUitgeverij Peeters,$c2012. 300 $aXXIII, 648 p. :$bill. ;$c25 cm. 490 0 $aBibliotheca Ephemeridum Theologicarum Lovaniensium ;$v248. 650 4$aBibbia - Autorità.$0(OLS)http://semarc/subject/8221 650 4$aBibbia - Atti di congressi.$0(OLS)http://semarc/subject/17280 650 4$aBibbia - Analisi narrativa e linguistica.$0(OLS)http://semarc/subject/4851 650 4$aBibbia - Scrittura.$0(OLS)http://semarc/subject/39904 700 1 $aClivaz, Claire.$0(OLS)http://semarc/name/74025 700 1 $aMacchi, Jean-Daniel.$0(OLS)http://semarc/name/31032 700 1 $aNihan, Christophe.$0(OLS)http://semarc/name/65834 700 1 $aCombet-Galland, Corina.$0(OLS)http://semarc/name/48687 710 2 $aRéseau de recherche en analyse narrative des textes bibliques.$0(OLS)http://semarc/name/63147 830 0$aBibliotheca Ephemeridum Theologicarum Lovaniensium ;$v248.$0(OLS)http://semarc/title/108 850 $aSeMil 852 $aSeMil$W1$xVenegono$y1$m2IA A 248$j236343$B164293$CSeMilBibl$Z2$F175330 $81 961 $aSottoscrizione: Peeters 996 $6020$a978-90-429-2636-3$9(OLS)http://semarc/number/209940 996 $6245$aEcritures et réécritures :$bla reprise interprétative des traditions fondatrices par la littérature biblique et extra-biblique : Cinquième colloque international du RRENAB, Université de Genève et Lausanne, 10-12 juin 2010$9(OLS)http://semarc/title/308260 996 $6260$aLeuven [etc] :$bUitgeverij Peeters$9(OLS)http://semarc/publisher/33422